01312nam a2200289 ia4500003000400000005001700004008004100021020003900062040002500101082001400126100002800140245004400168264004900212264001100261300004200272336002100314337002500335338002300360490002100383500013200404520032600536650002900862650003200891650003900923650003900962830002101001OSt20260429115156.0250922t20252025enka jr 000 1 eng d a9780241718520cRM 57.95qpaperback aPPAKbengcPPAKerda04223a813.61 aBaines, Becky,eauthor.10aBIRTHDAY PARTY PALOOZA /cBecky Baines. 1aLondon : bDorling Kindersley Limited,c2025 4c©2025 a133 pages : billustrations ; c21 cm atext2rdacontent aunmediated2rdamedia avolume2rdacarrier1 aYou've Got This! a"Pick your own adventure. Navigate the paths of collaboration, creativity, and resourcefulness...What will you decide?"--Cover. a"Twins Tami and Sam want to organize the ultimate best-ever birthday palooza. But it turns out Tami and Sam have very different ideas on what makes the perfect party. Can they find a compromise before it's too late? Navigate the paths of collaboration, creativity, and resourcefulness… What will you decide?"-- cAmazon10aTwins vJuvenile fiction20aSiblings vJuvenile fiction20aBirthday partiesvJuvenile fiction20aAmusement parks vJuvenile fiction 0aYou've got this!